| 000 | 00509nam a22001817a 4500 | ||
|---|---|---|---|
| 005 | 20150821123104.0 | ||
| 010 | _a1516ENO7 | ||
| 020 |
_a9780128024447 _c595.00 |
||
| 037 |
_aDPL _bPS/Ven |
||
| 100 | _aOuellette, Robert J. | ||
| 245 |
_aprinciples of organic chemistry / _cby Robert J. Ouellette [and] J.David Rawn |
||
| 260 |
_aNew Delhi _bElsevier _c2015 |
||
| 270 | _bNew Delhi | ||
| 300 |
_ax,485p. _bill. _c28cm(HB) |
||
| 700 | _aRawn, J.David | ||
| 942 |
_2ddc _cEN |
||
| 999 |
_c96351 _d96351 |
||